000 00987 a2200277 4500
999 _c11293
_d11293
020 _a9780323712606
050 _aRC925.7
_bWAL 2021
100 _aWaldman, Steven D
_eauthor
245 _aPhysical diagnosis of pain :
_ban atlas of signs and symptoms /
_cSteven D. Waldman ; color drawings by Joseph I. Bloch
250 _aFourth edition
264 _aPhiladelphia, PA :
_bSaunders/Elsevier,
_c2021
300 _axiv, 443 pages :
_billustrations
336 _2rdacontent
_atext
_btxt
337 _2rdamedia
_aunmediated
_bn
338 _2rdacarrier
_avolume
_bnc
504 _aIncludes bibliographical references and index
505 _a.
520 _a.
650 _aMusculoskeletal system -- Examination
_xAtlases
650 _aPain
_x Atlases
650 _aPhysical diagnosis
_xAtlases
650 _aMusculoskeletal Diseases -- diagnosis
650 _aPain -- diagnosis
650 _aPhysical Examination -- methods
942 _2lcc
_cBK
_eFourth edition
_h925.7
_iWAL
_kRC